| 000 | 00552nam a2200169 a 4500 | ||
|---|---|---|---|
| 001 | 000031144 | ||
| 005 | 20200930062731.0 | ||
| 008 | 110614s1999 dr d 000 | spa d | ||
| 040 |
_aDO-SdBNP _bspa _cBNPHU |
||
| 082 |
_axxx _bD542L |
||
| 100 | 1 |
_aDíaz, Vianela _92668 |
|
| 245 | 1 | 0 |
_aLiderazgo democrático y la participación ciudadana : _bmaterial didáctico / _cVianela Díaz. |
| 260 |
_aSanto Domingo : _bParticipación Ciudadana, _c1999. |
||
| 300 |
_a35 p. : _bdiagr. ; _c27 cm. |
||
| 504 | _aIncluye referencias bibliográficas. | ||
| 049 | _aBNPD | ||
| 999 |
_c30636 _d30636 |
||